Chino latino (Record no. 297)
[ view plain ]
| 000 - LÍDER | |
|---|---|
| campo de control de longitud fija | 00804nam a2200181Ia 4500 |
| 008 - ELEMENTOS DE DATOS DE LONGITUD FIJA - INFORMACIÓN GENERAL | |
| campo de control de longitud fija | 0000002002 us a 0000000000eng00 |
| 090 ## - NÚMERO DE LLAMADA DE TIPO LC LOCALMENTE ASIGNADO (OCLC) | |
| Número de clasificación (OCLC) (R) | PPR00 T72c |
| 100 1# - ENTRADA PRINCIPAL - NOMBRE PERSONAL | |
| Nombre de la persona | Trelles, Miguel |
| 245 10 - TÍTULO DECLARACIÓN | |
| Título | Chino latino |
| Resto del título | : xiao Zhong xian Da |
| Declaración de responsabilidad | / Miguel Trelles ; ensayos John Finlay, Margarita Aguilar ; fotografías Alfonso Paredes ; traducción Carlos Dorta |
| 260 ## - PUBLICACIÓN, DISTRIBUCIÓN | |
| Lugar de publicación | New York : Taller Boricua Gallery |
| Fecha de publicación | 2002 |
| 300 ## - DESCRIPCIÓN FÍSICA | |
| Alcance | 38 p. |
| Dimensiones | / 22 cm. |
| 500 ## - NOTA GENERAL | |
| Nota general | Con el patronazgo del maestro venezolano Jesús Rafael Soto (q.e.p.d.) |
| 600 00 - ENTRADA DE SUJETO AÑADIDO - NOMBRE PERSONAL | |
| Nombre de la persona | TRELLES, MIGUEL/ |
| Subdivisión general | TRABAJOS PICTORICOS |
| 650 14 - ENTRADA DE SUJETO AÑADIDO - TÉRMINO TÓPICO | |
| Término tópico o elemento de entrada del nombre geográfico | PINTURA PUERTORRIQUEÑA |
| 650 14 - ENTRADA DE SUJETO AÑADIDO - TÉRMINO TÓPICO | |
| Término tópico o elemento de entrada del nombre geográfico | PINTORES PUERTORRIQUEÑOS |
| 650 14 - ENTRADA DE SUJETO AÑADIDO - TÉRMINO TÓPICO | |
| Término tópico o elemento de entrada del nombre geográfico | PINTURA MODERNA PUERTORRIQUEÑA |
| 700 1# - ENTRADA AGREGADA - NOMBRE PERSONAL | |
| Nombre de la persona | Finlay, John \ Aguilar, Margarita \ Paredes, Alonso \ Dorta, Carlos, tr. |
| Estado de retirada | Pérdida de estatus | Estado dañado | No para préstamo | Código de recogida | Ubicación permanente | Ubicación actual | Ubicación de las estanterías | Fecha de adquisición | Número de llamada completo | Código de barras | Fecha de la última vez que se vio | Número de copia | Precio efectivo desde | Tipo de artículo Koha |
|---|---|---|---|---|---|---|---|---|---|---|---|---|---|---|
| General | ArtNexus | ArtNexus | General | 06/09/2022 | P-PR-00 T72C | 297 | 06/09/2022 | Ej.1 | 06/09/2022 | Libro |